000 02413 a2200265 4500
001 29143
005 20260407155600.0
008 260407a1985 arg spa d
003 AR-UNSa-BCEJYS
040 _aAR-UNSa-BCEJYS
_bspa
_cAR-UNSa-BCEJYS
080 _a657
_xContabilidad
245 1 0 _aManual del contador
_pNormas y procedimientos, modelos y casos prácticos
020 _a950-541-029-8
264 1 _aBuenos Aires :
_bEdiciones Contabilidad Moderna
_c1985
300 _a2 v. (809; 420 p.)
_c23 cm.
505 _aVol I: Primera Parte: Presupuestos,control economico-financiero y proyectos de inversion: 1. Definición y objetivos del sistema presupuestario - 2. Procedimiento general de presupuestacion y control - 3. Modelo basico de presupuestacion - 4. Modelo basico de control presupuestario - 5. Presupuestacion y control ajustado por inflacion - 6. Presupuestacion y control de ventas,costos y resultados - 7. Caso practico.Resumen.Presupuestacion y control de ventas y costos - 8. Evaluacion de proyectos y presupuestacion de las inversiones - 9. Caso practico:Evaluacion economico-financiera de un proyecto de inversion. Segunda parte: Concurso preventivo y quiebras: 1. Constitucion y estatutos de la S.A. - 2.Denominacion,domicilio,plazo y objeto social - 3.Capital social y tipo de aportes - 4. Directorio - 5. Asambleas - 6. Fiscalizacion - 7. Aumento de capital - 8. Reduccion del capital - 9. Sociedad de responsabilidad limitada - 10. Sociedad en comandita por acciones - 11. Sociedad colectiva - 12. Sociedad en comandita simple - 13. Sociedad de capital e industria - 14. Transformacion de sociedades - 15. Fusion de sociedades - 16. Escision - 17. Disolucion,liquidacion y reconduccion - 18. Asociaciones y fundaciones - 19. Otros aspectos - 20. Modelos especificos en jurisdiccion provincial -- Vol II: 1. Aspectos introductorios - 2. Designacion y funciones del sindico - 3. Plazos procesales y notificaciones - 4. Tramitacion de procesos conexos - 5. Concurso preventivo - 6. Quiebra - 7. Informe individual de creditos (Art.35) - 8. Informe general del sindico - 9. Acreedores: Su actuacion en los concursos.
041 _aspa
942 _cBK
590 _aniveau_biblio:m niveau_hierar:0
100 1 _aSenderovich, Isaac Aizik
700 1 _aBerenstein, Regina
700 1 _aSchlesinger, Ricardo J.
700 1 _aHersz Kiperman, Enrique
700 1 _aLamas, Horacio Angel
999 _c1802
_d1802